000 01249nam a2200325Ia 4500
001 dia_971
003 CHAP
005 20230116133105.0
008 220117s1978 xx 000 0 und d
010 _a171518
040 _cCHAP
082 _a338.1 C66 1978
245 _aContribución del ingeniero agrónomo especialista en industrias agrícolas a la investigación : comentarios de las tesis presentadas en Industrias Agrícolas /
_c compilación Georgel Moctezuma López y Antonio García León
260 _aMéxico :
_b UACh,
_c1978
300 _aviii, 154 p.
503 _aD
590 _aZ5071 C66 1978
650 _aAgricultural engineering
_9149635
650 _aAgricultural industry
_xBibliography
_xMexico
_9149636
650 _aIndustria agrícola
_xBibliografía
_xMéxico
_9149637
650 _aIngeniería agrícola
_958196
650 _aTesis y disertaciones académicas
_xMéxico
_9149638
650 _aThesis and academic dissertations
_xMexico
_9149639
700 _aGarcía León, Antonio, comp.
_9149640
700 _aMoctezuma López, Georgel, comp.
_9149641
901 _a338.1 C66 1978
902 _aM
905 _a5232271978 MX X 8223223322SPA16
942 _cLIBRO
_2ddc
999 _c171518
_d171518